La magia del arco iris /
Bewaard in:
| Hoofdauteur: | |
|---|---|
| Formaat: | Boek |
| Taal: | Spanish |
| Gepubliceerd in: |
Tegucigalpa [Honduras] :
Secretariá de Estado en el Despacho de Cultura, Artes y Deportes,
[2000]
|
| Onderwerpen: | |
| Tags: |
Voeg label toe
Geen labels, Wees de eerste die dit record labelt!
|
MARC
| LEADER | 00000cam a22000004a 4500 | ||
|---|---|---|---|
| 001 | 12266413 | ||
| 005 | 20140819012033.0 | ||
| 008 | 001227s2000 ho f000 1 spa | ||
| 020 | |a 9992620218 | ||
| 040 | |a DLC |c DLC |d CIICLA | ||
| 082 | 0 | 0 | |a Ho863.44 |2 21 |b E665m |
| 100 | 1 | |a Espinoza Murra, Dagoberto. | |
| 245 | 1 | 3 | |a La magia del arco iris / |c por Dagoberto Espinoza Murra. |
| 260 | |a Tegucigalpa [Honduras] : |b Secretariá de Estado en el Despacho de Cultura, Artes y Deportes, |c [2000] | ||
| 300 | |a 403 páginas | ||
| 650 | 1 | |a LITERATURA HONDUREÑA |v NOVELA | |
| 942 | |2 ddc |c BK | ||
| 999 | |c 3392 |d 3392 | ||



